<?xml version="1.0" encoding="UTF-8"?>
<record
    xmlns:xsi="http://www.w3.org/2001/XMLSchema-instance"
    xsi:schemaLocation="http://www.loc.gov/MARC21/slim http://www.loc.gov/standards/marcxml/schema/MARC21slim.xsd"
    xmlns="http://www.loc.gov/MARC21/slim">

  <leader>00959na  a2200289   4500</leader>
  <datafield tag="952" ind1=" " ind2=" ">
    <subfield code="a">0002</subfield>
    <subfield code="b">0002</subfield>
    <subfield code="d">2019-03-22</subfield>
    <subfield code="l">0</subfield>
    <subfield code="o">DAN 809.003 A47t 2007</subfield>
    <subfield code="p">P00423</subfield>
    <subfield code="r">2019-03-22 00:00:00</subfield>
    <subfield code="w">2019-03-22</subfield>
    <subfield code="y">BKS</subfield>
  </datafield>
  <datafield tag="999" ind1=" " ind2=" ">
    <subfield code="c">13025</subfield>
    <subfield code="d">13025</subfield>
  </datafield>
  <controlfield tag="001">14490</controlfield>
  <controlfield tag="003">MIRAKIL</controlfield>
  <controlfield tag="005">20190322180439.0</controlfield>
  <controlfield tag="008">160921b        tu            000 0      </controlfield>
  <datafield tag="020" ind1=" " ind2=" ">
    <subfield code="a">9789759913816</subfield>
  </datafield>
  <datafield tag="035" ind1=" " ind2=" ">
    <subfield code="a">14490</subfield>
  </datafield>
  <datafield tag="040" ind1=" " ind2=" ">
    <subfield code="a">Milas</subfield>
    <subfield code="b">tur</subfield>
    <subfield code="c">TR-AnCHP</subfield>
  </datafield>
  <datafield tag="082" ind1=" " ind2=" ">
    <subfield code="a">DAN 809.003</subfield>
    <subfield code="b">A47t 2007</subfield>
  </datafield>
  <datafield tag="090" ind1=" " ind2=" ">
    <subfield code="a">DAN 809.003 A47t 2007</subfield>
  </datafield>
  <datafield tag="100" ind1=" " ind2=" ">
    <subfield code="a">Alt&#x131;nkaynak, Hikmet</subfield>
  </datafield>
  <datafield tag="245" ind1=" " ind2=" ">
    <subfield code="a">T&#xFC;rk edebiyat&#x131;nda yazarlar ve &#x15F;airler s&#xF6;zl&#xFC;&#x11F;&#xFC;</subfield>
    <subfield code="c">Hikmet Alt&#x131;nkaynak</subfield>
  </datafield>
  <datafield tag="246" ind1=" " ind2=" ">
    <subfield code="a">Yazarlar ve &#x15F;airler s&#xF6;zl&#xFC;&#x11F;&#xFC;</subfield>
  </datafield>
  <datafield tag="260" ind1=" " ind2=" ">
    <subfield code="a">&#x130;stanbul</subfield>
    <subfield code="b">Do&#x11F;an Kitap</subfield>
    <subfield code="c">2007</subfield>
    <subfield code="f">Cumhuriyet Matbaas&#x131;</subfield>
  </datafield>
  <datafield tag="300" ind1=" " ind2=" ">
    <subfield code="a">744 s.</subfield>
    <subfield code="c">23 sm.</subfield>
  </datafield>
  <datafield tag="500" ind1=" " ind2=" ">
    <subfield code="a">Kapak ad&#x131; : T&#xFC;rk Edebiyat&#x131;nda kim kimdir?</subfield>
  </datafield>
  <datafield tag="650" ind1=" " ind2=" ">
    <subfield code="a">T&#xFC;rk &#x15F;airler</subfield>
    <subfield code="v">Biyo-bibliyografya</subfield>
    <subfield code="x">S&#xF6;zl&#xFC;kler</subfield>
  </datafield>
  <datafield tag="650" ind1=" " ind2=" ">
    <subfield code="a">T&#xFC;rk yazarlar</subfield>
    <subfield code="v">Biyo-bibliyografya</subfield>
    <subfield code="x">S&#xF6;zl&#xFC;kler</subfield>
    <subfield code="y">T&#xFC;rk&#xE7;e</subfield>
  </datafield>
  <datafield tag="650" ind1=" " ind2=" ">
    <subfield code="a">T&#xFC;rk edebiyat&#x131;</subfield>
    <subfield code="v">Biyo-bibliyografya</subfield>
    <subfield code="x">S&#xF6;zl&#xFC;kler</subfield>
    <subfield code="y">T&#xFC;rk&#xE7;e</subfield>
  </datafield>
  <datafield tag="942" ind1=" " ind2=" ">
    <subfield code="2">ddc</subfield>
    <subfield code="c">BKS</subfield>
  </datafield>
  <datafield tag="999" ind1=" " ind2=" ">
    <subfield code="d">13025</subfield>
  </datafield>
  <datafield tag="999" ind1=" " ind2=" ">
    <subfield code="d">5240</subfield>
  </datafield>
</record>
